Transformadors rotatoris i rectificadors
Descripción Física:
62 p. : il. ; 23 cm
Colección:
Text ; 48
Otros Autores:
Catalunya. Extensió d'Ensenyament Tècnic
Materias:
Transformadors elèctrics
MARC
| LEADER | 00000nam a2200000Ia 4500 | ||
|---|---|---|---|
| 001 | 7724 | ||
| 008 | 160829s9999 xx 000 0 cat d | ||
| 080 | |a C-1-486 | ||
| 245 | |a Transformadors rotatoris i rectificadors | ||
| 260 | |a Barcelona : |b Mancomunitat de Catalunya, Extensió d' Ensenyament Tècnic, [s.a.] | ||
| 300 | |a 62 p. : |b il. ; |c 23 cm | ||
| 490 | |a Text ; 48 | ||
| 650 | |a Transformadors elèctrics |9 20005 | ||
| 700 | |a Catalunya. Extensió d'Ensenyament Tècnic |9 20004 | ||
| 710 | 2 | |a Catalunya. |b Mancomunitat |9 53015 | |
| 901 | |a Arxiu | ||
| 942 | |n 1 | ||
| 952 | |0 0 |1 0 |4 0 |6 C1486 |7 1 |9 41404 |a Arxiu |b Arxiu |d 2016-12-01 |l 0 |o C-1-486 |p 7724 |r 2016-12-01 00:00:00 |w 2016-12-01 |y ARXIU | ||
| 999 | |c 43211 |d 43211 | ||